[Event "Malambo A"]
[Site "Malambo"]
[Date "2011.07.28"]
[Round "1.1"]
[White "Chima, Luis Manuel"]
[Black "Gonzalez Mendoza, Yozie"]
[Result "1-0"]
[WhiteElo "2002"]
[BlackElo "1356"]
[PlyCount "41"]
[EventDate "2011.07.28"]
[EventType "swiss"]
[EventRounds "5"]
[EventCountry "COL"]
[SourceTitle "EXT 2024"]
[Source "ChessBase"]
[SourceDate "2023.10.10"]
[SourceVersion "1"]
[SourceVersionDate "2023.10.10"]
[SourceQuality "1"]

1. e4 e5 2. Nf3 Nc6 3. Bc4 Nf6 4. d3 Bb4+ 5. Bd2 a5 6. Bxb4 axb4 7. 0-0 h5 8. Ng5 Nd4 9. Nxf7 Qe7 10. Nxh8 Qc5 11. Nd2 Ng4 12. Nb3 Qe7 13. Nxd4 exd4 14. h3 Nf6 15. Bf7+ Kd8 16. Bxh5 Nxh5 17. Qxh5 b6 18. Nf7+ Ke8 19. Nd6+ Kd8 20. Qh8+ Qe8 21. Qxe8# 1-0